Meilleurs buteurs du Mans FC - Statistiques

Statistiques générales
  • Ce quiz a été pris 37 fois
  • Le résultat moyen est 4 sur 15
Statistiques - réponses
Nombre de buts Pays du joueur Joueur % Correct
24 Brésil Túlio de Melo
80%
73 France Vincent Créhin
47%
20 Brésil Grafite
43%
37 Norvège Thorstein Helstad
43%
51 Gabon Daniel Cousin
30%
20 Guinée Ismaël Bangoura
23%
43 France James Fanchone
23%
53 Belgique Patrick Van Kets
23%
31 France Laurent Peyrelade
13%
19 Côte d'Ivoire Mamadou Soro
13%
34 France Stéphane Samson
13%
19 France Frédéric Thomas
10%
36 Côte d'Ivoire Dagui Bakari
7%
30 France Émerick Darbelet
3%
29 France Réginald Ray
3%
Aucun quiz correspondant
Distribution des résultats
% des personnes avec chaque résultat
Percentile par nombre de réponses
Votre historique - résultats
Vous n’avez pas pris ce quiz